000 01061nam0a22002651 4500
001 rc\500600
005 20030616171801.8
035 _a(NLR Aleph) 005741622
090 _a4745020
_c4745020
100 _a20030616d1987 u |0rusy50 ca
101 0 _arus
102 _aRU
105 _aa |||||||||
200 1 _aОптика полупроводников
_eУчеб. пособие
_fА.В. Войцеховский, А.С. Петров, Г.И. Потахова
_gПод ред. А.С. Петрова
_gТом. гос. ун-т им. В.В. Куйбышева
210 _aТомск
_cИзд-во Том. ун-та
_d1987
215 _a221 с.
_cил.
_d20
320 _aБиблиогр. в конце глав
700 1 _aВойцеховский
_bА. В.
_gАлександр Васильевич
701 1 _aПетров
_bА. С.
_gАлексей Сергеевич
701 1 _aПотахова
_bГ. И.
_gГалина Ивановна
801 0 _aRU
_bNLR
_gpsbo
801 1 _aRU
_bELAR
_2rusmarc
852 _aNLR
_j87-3/7044
942 _cBOOK
980 _aNB